| 000 | 00776am a2200301a 44500 | ||
|---|---|---|---|
| 003 | AR-BaBNM | ||
| 005 | 20251128203854.0 | ||
| 008 | 266019s1959 #AR|||||||||||000 | esp|| | ||
| 040 | _cAR-BaBNM | ||
| 100 | 1 | _aKelley, Earl C. | |
| 245 | 1 | 0 | _aEducación y naturaleza del hombre |
| 250 | _a1ª ed. | ||
| 260 |
_aBuenos Aires _bAgora _c1959 |
||
| 300 | _a231 p. | ||
| 490 | 0 | _aHombres y problemas | |
| 650 | 4 | _aTEORIAS DEL APRENDIZAJE | |
| 650 | 4 | _aTEORIAS DEL COMPORTAMIENTO | |
| 650 | 4 | _aTEORIAS DE LA EDUCACION | |
| 650 | 4 | _aMETODOS DE ENSEÑANZA | |
| 650 | 4 | _aVALORES | |
| 650 | 4 | _aCREATIVIDAD | |
| 650 | 4 | _aCOMUNICACION | |
| 650 | 4 | _aCOOPERACION | |
| 700 | 1 | _aRasey, Marie I. | |
| 700 | 1 |
_aMarino, Mario A. _etraductor |
|
| 942 | _cBK | ||
| 998 | _cSILVI | ||
| 999 |
_c5269 _d5269 |
||